| 000 | 00374nam a2200145Ia 4500 | ||
|---|---|---|---|
| 008 | 150201s1986 xx 000 0 und d | ||
| 082 |
_a617.601 _bF1986J |
||
| 100 | _aJALALI,V.P. | ||
| 245 | _aFLUORIDES AND DENTAL CARIES | ||
| 250 | _a1ST | ||
| 260 |
_bI.D.A.PUBLICATION _aDELHI _c1986 |
||
| 300 | _a1-114 | ||
| 650 | _aPREVENTIVE AND COMMUNITY DENTISTRY | ||
| 942 |
_2ddc _cBK |
||
| 999 |
_c4344 _d4344 |
||